| 000 | 00776nam a22002531 4500 | ||
|---|---|---|---|
| 001 | 75181 | ||
| 003 | BD-RjUL | ||
| 005 | 20211209082646.0 | ||
| 008 | 190129t19651964nyua 000 0 eng | ||
| 035 | _a(BD-RjUL)75399 | ||
| 040 |
_aDLC/ICU _cICU _dDLC _dBD-RjUL _beng |
||
| 041 | _aeng | ||
| 082 | 0 | 0 |
_223 _a582.13 _bMAS 1965 |
| 100 | 1 |
_aManning, S. A. _q(Stanley Arthur), _d1921- _9227490 |
|
| 245 | 1 | 0 |
_aSystematic guide to flowering plants of the world / _cby S.A. Manning. Illustrated by Mina Smith. |
| 250 | _a1st American ed. | ||
| 260 |
_aNew York: _bTaplinger Pub. Co. _cc1964, 1965. |
||
| 300 |
_a302 p.: _billus.; _c23 cm. |
||
| 650 | 0 |
_aBotany. _9227491 |
|
| 650 | 0 |
_aFloricoltura _9227492 |
|
| 942 |
_2ddc _cBK |
||
| 999 |
_c75181 _d75181 |
||